La libertad en Rousseau y Kant: de la teoría a la práctica

Saved in:
Bibliografiske detaljer
Hovedforfatter: Recuero Astray, José Ramón (Author)
Format: Bog
Sprog:spansk
Udgivet: Madrid Biblioteca Nueva 2004
Udgivelse:1a. ed
Fag:
Tags: Tilføj Tag
Ingen Tags, Vær først til at tagge denne postø!

MARC

LEADER 00000cam a2200000 a 4500
001 UCD2928
003 CL-VaPUC
008 160520e20040000sp |||||||||||||||||spa|d
020 |a 8497422319 
082 0 4 |a 102  |b REC  |2 21 
100 0 |a Recuero Astray, José Ramón  |e author  |9 586330 
245 1 3 |a La libertad en Rousseau y Kant: de la teoría a la práctica 
250 |a 1a. ed 
300 |a 197 p 
942 |c BK 
945 |d 20160520 11:34:00  |a dcastane 
260 |a Madrid  |b Biblioteca Nueva  |c 2004 
600 0 |a Rousseau, Jean Jacques  |e autor  |9 255697 
600 0 |a Kant, Immanuel,  |d 1724-1804  |9 858687 
650 0 |a Filosofía francesa   |9 255698 
650 0 |a Escuelas filosóficas   |9 266232 
650 0 |a Filosofía alemana   |9 265002 
583 |a last modification  |c 20160520 11:34:00  |k Rodrigo Vera 
999 |c 364037  |d 364035 
952 |0 0  |1 0  |3 erb  |4 0  |6 102_000000000000000_REC_2004  |7 0  |8 A  |9 476948  |a FDOHBE  |b FDOHBE  |e Huesbe Llanos, Marco Antonio, 1934-  |i 5304458  |o 102 REC 2004  |p 5304458  |r 2024-01-30  |w 2019-11-24  |y BK  |z Catalogado en:20160520  |k HBE